000 00462nam a22001697a 4500
003 IT-RoPau
005 20220918181106.0
008 130521b xxu||||| |||| 00| 0 eng d
040 _cIT-RoPau
100 _aFiglie di San Paolo
_9577
245 _aVita paolina nella provincia italiana-fsp 2006
_bUna rete di comunicazione
250 _a1° ed.
260 _aRoma
_bCasa Provinciale FSP
_c2006
300 _c24 cm
500 _aAprile 2006.
942 _2ddc
_cBK
999 _c98566
_d98566